000 00830nam a2200229 a 4500
999 _c10977
_d10977
001 10977
003 BD-JhCC
005 20221201134023.0
008 190611s2016 bg |||| |||| 000 0 ben d
020 _a9789849133438
035 _a(BD-JhCC)10977
040 _aBD-JhCC
_dBD-JhCC
041 _aben
082 _a823.914
_bSMI 2016
100 _aস্মিথ, উলবার
245 _aডেজার্ট গড :
_bপ্রাচীন মিসরের কাহিনি /
_cউলবার স্মিথ, অনুবাদ কাজী আখতারউদ্দিন
260 _aঢাকা :
_bরোদেলা,
_c২০১৬.
300 _a৩৮২ পৃ. :
_c২০ সেমি.
650 _aNovel
_zEgypt
700 _aআখতারউদ্দিন, কাজী
942 _2ddc
_cBK
_023